LEADER 01203nam--2200385---450- 001 990002901380203316 005 20070412121014.0 010 $a972-1-05593-X 035 $a000290138 035 $aUSA01000290138 035 $a(ALEPH)000290138USA01 035 $a000290138 100 $a20070412d2005----km-y0itay50------ba 101 $apor 102 $aPT 105 $a||||||||001yy 200 1 $a<> novíssima poesia portuguesa e a experiência estética contemporânea$fLuís Carmelo 210 $aMem Martins$cPublicações Europa-América$dcopyr. 2005 215 $a189 p.$d23 cm 410 0$12001 454 1$12001 461 1$1001-------$12001 606 0 $aPoesia portoghese$zSec. 20.-21.$xStoria e critica 676 $a869.141 700 1$aCARMELO,$bLuis$0596651 801 0$aIT$bsalbc$gISBD 912 $a990002901380203316 951 $aVI.6.B. 16$b191183 L.M.$cVI.6.$d00128606 959 $aBK 969 $aUMA 979 $aVITALE$b90$c20070412$lUSA01$h1206 979 $aVITALE$b90$c20070412$lUSA01$h1208 979 $aVITALE$b90$c20070412$lUSA01$h1210 996 $aNovíssima poesia portuguesa e a experiência estética contemporânea$9989157 997 $aUNISA LEADER 01440nam a2200349 i 4500 001 991001179669707536 005 20020507112318.0 008 970308s1973 ne ||| | eng 020 $a0720402573 (Vol. 2) 035 $ab10184715-39ule_inst 035 $aLE00643458$9ExL 040 $aDip.to Fisica$bita 084 $a53(082.2) 084 $a53.4 084 $a539.7 084 $aQC770 111 2 $aInternational Conference on nuclear physics$0463496 245 10$aProceedings of the International Conference on nuclear physics :$bMunich, August 27 - September 1, 1973 /$cedited by J. de Boer and H.J. Mang 260 $aAmsterdam :$bNorth-Holland Publishing Company ; New York : American Elsevier Publishing Company,$c1973 300 $a2 v. (739, 837 p.) ;$c24 cm. 500 $aVol. 1 : Contributed papers. 500 $aVol. 2 : Invited papers. 650 4$aNuclear physics$xCongresses 700 1 $aBoer, J. de 700 1 $aMang, H.J. 907 $a.b10184715$b21-09-06$c27-06-02 912 $a991001179669707536 945 $aLE006 53.4 DEB$cV. 1$g1$i2006000062893$lle006$o-$pE0.00$q-$rl$s- $t0$u0$v0$w0$x0$y.i10226813$z27-06-02 945 $aLE006 53.4 DEB$cV. 2$g1$i2006000062909$lle006$o-$pE0.00$q-$rl$s- $t0$u0$v0$w0$x0$y.i10226825$z27-06-02 996 $aProceedings of the International Conference on nuclear physics$9190369 997 $aUNISALENTO 998 $ale006$b01-01-97$cm$da $e-$feng$gne $h0$i2